Dimensiones del personalismo / (Record no. 57074)

MARC details
000 -LEADER
campo de control de longitud fija 00619nam a2200217 i 4500
001 - NÚMERO DE CONTROL
campo de control 57074
003 - IDENTIFICADOR DE NÚMERO DE CONTROL
campo de control ES-MaACL
005 - FECHA Y HORA DE LA ÚLTIMA TRANSACCIÓN
campo de control 20250804051211.0
007 - CAMPO FIJO DE DESCRIPCIÓN FÍSICA--INFORMACIÓN GENERAL
campo de control de longitud fija t|
008 - DATOS DE LONGITUD FIJA--INFORMACIÓN GENERAL
campo de control de longitud fija 031014s1969 sp ||||1| spa d
080 ## - NÚMERO DE LA CLASIFICACIÓN DECIMAL UNIVERSAL
Número de la Clasificación Decimal Universal 131.144
100 1# - ENTRADA PRINCIPAL--NOMBRE DE PERSONA
Nombre de persona Domenach, J.-M.
9 (RLIN) 149881
245 10 - MENCIÓN DEL TÍTULO
Título Dimensiones del personalismo /
Mención de responsabilidad, etc. Jean-Marie Domenach ; [versión de Enrique Molina].
250 ## - MENCION DE EDICION
Mención de edición 1ª ed.
260 ## - PUBLICACIÓN, DISTRIBUCIÓN, ETC.
Lugar de publicación, distribución, etc. Barcelona :
Nombre del editor, distribuidor, etc. Nova Terra,
Fecha de publicación, distribución, etc. 1969.
300 ## - DESCRIPCIÓN FÍSICA
Extensión 384 p. ;
Dimensiones 19 cm.
650 07 - PUNTO DE ACCESO ADICIONAL DE MATERIA--TÉRMINO DE MATERIA
Término de materia o nombre geográfico como elemento de entrada Personalismo
Fuente del encabezamiento o término embne
9 (RLIN) 15975
700 1# - ENTRADA AGREGADA--NOMBRE PERSONAL
Nombre de persona Molina Campos, Enrique.
9 (RLIN) 81917
852 ## - LOCALIZACIÓN
Ubicación ES-MaACL
Número de control de estantería C-40210
Holdings
Estatus retirado Estado de pérdida Estado de daño No para préstamo Biblioteca de origen Biblioteca actual Ubicación en estantería Fecha de adquisición Fuente de adquisición Total de préstamos Signatura topográfica completa Código de barras Visto por última vez Precio de reemplazo Tipo de ítem Koha
        Biblioteca del Ateneo de Madrid Biblioteca del Ateneo de Madrid Depósito 2 17/01/2008     C-40210 1059928 23/02/2023 23/02/2023 Libro impreso